Limity a negatíva ekonomického rastu
Zhodnotenie prípadných negatívnych aspektov hospodárskeho rastu a slabé stránky jeho ukazovateľov pomocou deskriptívnej analýzy. Fyzikálne hranice hospodárskeho rastu a hypotéza vyčerpania prírodných zdrojov. Kritika tradičnej koncepcie hospodárskeho rastu, resp. kritika vyzdvihovania nadmernej spot...
Salvato in:
| Autore principale: | |
|---|---|
| Natura: | Capitolo di libro |
| Lingua: | slovacco |
| Soggetti: | |
| Tags: |
Nessun Tag, puoi essere il primo ad aggiungerne!!
|
MARC
| LEADER | 00000naa$a2200000$$$4500 | ||
|---|---|---|---|
| 001 | 0084811 | ||
| 005 | 20240502071948.4 | ||
| 041 | 0 | |a slo | |
| 044 | |a SK | ||
| 245 | 1 | 0 | |a Limity a negatíva ekonomického rastu |c Branislav Žúdel |
| 520 | |a Zhodnotenie prípadných negatívnych aspektov hospodárskeho rastu a slabé stránky jeho ukazovateľov pomocou deskriptívnej analýzy. Fyzikálne hranice hospodárskeho rastu a hypotéza vyčerpania prírodných zdrojov. Kritika tradičnej koncepcie hospodárskeho rastu, resp. kritika vyzdvihovania nadmernej spotreby ako dimenzie kvality života. Problémy pri meraní výkonnosti ekonomiky a alternatívne ukazovatele ku HDP. | ||
| 610 | 2 | 0 | |a zdroje prírodné |
| 610 | 2 | 0 | |a rast hospodársky |
| 610 | 2 | 0 | |a spotreba |
| 610 | 2 | 0 | |a výkonnosť ekonomiky |
| 610 | 2 | 0 | |a produkt domáci hrubý |
| 100 | 1 | |a Žúdel, Branislav | |